| 000 | 01025nam a22002417a 4500 | ||
|---|---|---|---|
| 005 | 20170124102942.0 | ||
| 010 | _aA-615568 | ||
| 020 | _c50.00 | ||
| 035 | _aA-615568 | ||
| 037 | _bCen Lib/Ret | ||
| 040 |
_aDPL _bHN |
||
| 082 |
_a823.08 _bहेमरा |
||
| 100 |
_aहेमराज निर्मम _948748 |
||
| 245 |
_aकथाकार इलाचन्द्र जोशी / _cहेमराज निर्मम |
||
| 246 |
_aKathakar Ilachandra Joshi / _bby Hemraj Nirmam |
||
| 260 |
_aहरियाणा _bहरियाणा साहित्य अकादमी _c1992 |
||
| 300 |
_a199पृ. _c21सेमी (सजिल्द) |
||
| 650 |
_aहिन्दी -- साहित्य _948749 |
||
| 650 |
_aहिन्दी -- उपन्यासकार -- इलाचंद्र जोशी _948750 |
||
| 650 |
_aHindi - literature _948751 |
||
| 650 |
_aHindi -- Novelist - Ilachandra Joshi _948752 |
||
| 942 |
_2ddc _cHN _h823.08 _mहेमरा |
||
| 999 |
_c112690 _d112690 |
||